| 000 | 01080nam a22003377a 4500 | ||
|---|---|---|---|
| 001 | BR8502024 | ||
| 003 | BR-BrBNA | ||
| 005 | 20230928092138.0 | ||
| 007 | ta | ||
| 008 | 230509b bl.||||| |||| 00| 0 por d | ||
| 040 |
_aBR-BrBNA _bpor _cBiblioteca Nacional de Agricultura |
||
| 041 | _a(Por) | ||
| 072 |
_aP40 _b/G514 |
||
| 090 | _ P40 BR8502024 | ||
| 100 | 1 | _aCaramori, P.H. | |
| 100 | 1 | _aBernardes, L.R.M. | |
| 100 | 1 | _aGodoy, H. (eds.) | |
| 110 | 1 | _aFundacao Cargill, Campinas, SP (Brasil); | |
| 110 | 1 |
_aSociedade Brasileira de Agrometeorologia, Campinas, SP (Brasil); _99588 |
|
| 110 | 1 | _aFundacao Instituto Agronomico do Parana, Londrina (Brasil) | |
| 111 | 1 |
_a4. Congresso Brasileiro de Agrometeorologia _cLondrina, PR (Brazil) _d7-12 Jul 1985 |
|
| 245 | 1 | _aResumos do 4. Congresso Brasileiro de Agrometeorologia | |
| 260 | 3 |
_aLondrina, PR (Brasil): _c1985. |
|
| 300 | _a200 p. | ||
| 500 | _aSummary only | ||
| 650 | _aMETEOROLOGIA | ||
| 650 | _aCLIMATOLOGIA | ||
| 650 | _aRELACAO AGUA-PLANTA | ||
| 909 |
_a202309 _bLucia _c55 _dLucia Elande |
||
| 942 | _cBK | ||
| 999 |
_c37369 _d37369 |
||